000 00340pab a2200145 454500
008 180718b1995 xxu||||| |||| 00| 0 eng d
100 _aVijaypurkar, Mahesh
245 _aPlaying politics with coops
260 _c1995
300 _ap.8
362 _a8 Dec
650 _aCooperative societies - India
773 _aHindu
909 _a30556
999 _c30556
_d30556